Enrique Iglesias Songs - Sudden Death - Statistics

General Stats
  • This quiz has been taken 42 times
    34 since last reset
  • The average score is 6 of 16
Answers on the Grid
Answers color-coded by a green-red scale on the quiz's grid according to % correct below.
Bailamos
Any Time, Any Place
Rhythm Divine
Scream
Be with You
Together Again
Doesn't Really Matter
Hero
Miss You Much
All for You
La Isla Bonita
Escape
Black Cat
You Sang to Me
Love to See You Cry
Vivir Mi Vida
Addicted
Let's Wait Awhile
Not in Love
I Like It
Pégate
She Bangs
Heartbeat
Waking Up In Vegas
If
Control
I Like How It Feels
Bailando
Canción Bonita
El Perdón
Duele el Corazón
When I Think of You
Again
Súbeme la Radio
Nasty
María
El Baño
The Cup of Life
Livin' la Vida Loca
 
Answer Stats
Answer % Correct
Bailando
77%
Bailamos
58%
Hero
58%
I Like It
50%
El Perdón
46%
Súbeme la Radio
46%
Escape
42%
Duele el Corazón
38%
Heartbeat
38%
Be with You
35%
Rhythm Divine
35%
El Baño
27%
Addicted
23%
I Like How It Feels
19%
Not in Love
19%
Love to See You Cry
12%
No matching quizzes found
Score Distribution
Percent of People with Each Score
Percentile by Number Answered
Your Score History
You have not taken this quiz since the last reset